Pre-Classical Civilizations Review Quiz (World History I) - Statistics

General Stats
  • This quiz has been taken 448 times
  • The average score is 7 of 17
Answer Stats
Hint Answer % Correct
The Chinese emperor Shi Huangdi ordered the creation of the _______, with the purpose of keeping out invaders. Great Wall of China
72%
_______ is the area between the Tigris and Euphrates rivers. Mesopotamia
67%
_____ is the founder of Judaism. Abraham
61%
The _____ is the holy book of the Jews and makes up the first five books of the Old Testament. Torah
61%
The ancient Chinese are credited with the creation of _______. paper
58%
A _____ is an individual city and the land surrounding it with a unique government and culture. city-state
56%
The ancient Sumerians used a style of writing called ______, involving a series of lines, marks and dashes. cuneiform
52%
The ancient Egyptian writing system of pictures that represent words is known as _____. hieroglyphics
47%
The ancient Mesopotamian civilization of ______ had individual city-states with a patron god or goddess. Sumer
43%
The Hebrews settled in the land between the Mediterranean Sea and the _____ River Valley. Jordan
35%
Chandragupta Maurya, of the ______ dynasty, united most of India. Mauryan
35%
The ancient Egyptians had a _______ government, in which the ruler was worshipped as a deity. theocratic
33%
Classical Indian civilization developed under the rule of the _____ dynasty. Gupta
30%
The ancient Indians were invaded by the ______ in 1700 BC. Indo-Aryans
27%
The Indian leader that spread Buddhism to China by way of missionaries was ______. Asoka
26%
The earliest writings are known as ______. pictograms
9%
_______ were two important resources of the Chinese that are used in burials, craft-making, etc. bronze and jade
3%
No matching quizzes found
Score Distribution
Percent of People with Each Score
Percentile by Number Answered
Your Score History
You have not taken this quiz